000 00500nam a2200169 4500
001 114264
003 ES-MaACL
005 20231226202705.0
007 t|
008 061121s1913 sp r ||||1| spa d
100 1 _aPalacio Valdés, Armando,
_d1853-1938
_988382
245 1 4 _aLos majos de Cádiz
_b: (novela de costumbres) /
_cArmando Palacio Valdés.
260 _aMadrid :
_bBernardo Rodríguez,
_c1913.
300 _a366 p. ;
_c20 cm.
852 _aES-MaACL
_jB-4043
999 _c114264
_d114264